Pour faire la colle à coeur brisé - Bénabar - paroles - Soldat rose - Statistiques

Statistiques générales
  • Ce quiz a été pris 3 fois
  • Le résultat moyen est 221 sur 307
Statistiques - réponses
Réponse % Correct
à
100%
a
100%
avez
100%
brisé
100%
ce
100%
c'est
100%
C'est
100%
coeur
100%
col
100%
colle
100%
de
100%
est
100%
faire
100%
fait
100%
je
100%
Je
100%
la
100%
le
100%
les
100%
me
100%
Même
100%
par
100%
pas
100%
Pour
100%
si
100%
suis
100%
tous
100%
tout
100%
toutes
100%
Un
100%
un
100%
une
100%
vous
100%
Vous
100%
Ah
67%
Apprenez
67%
au
67%
aurez
67%
bien
67%
bonheur
67%
ça
67%
Ca
67%
ca
67%
chercheur
67%
chimie
67%
déjà
67%
des
67%
d'être
67%
dirait
67%
dis
67%
crêpes !
67%
vie
67%
dosages
67%
en
67%
et
67%
été
67%
être
67%
existait
67%
farine
67%
j'en
67%
lait
67%
livre
67%
mal
67%
maths
67%
Mélangez
67%
mélangez
67%
non
67%
on
67%
ordinateurs
67%
pâte
67%
physique
67%
pizza
67%
Premier
67%
Prenez
67%
quoi
67%
recette
67%
recettes
67%
réduit
67%
Retenez
67%
revient
67%
sacré
67%
téléphones
67%
tête
67%
trouvé
67%
vie
67%
voyez
67%
Voyez
67%
y
67%
aiguilles
33%
Ajoutez
33%
canoës
33%
capuches
33%
cet
33%
chat-chat-chat
33%
dans
33%
du
33%
éprouvette
33%
four
33%
j'dégotais
33%
laine
33%
l'huile
33%
Mettez
33%
mince
33%
neuf
33%
pages
33%
peu
33%
pu
33%
que
33%
roulé
33%
saladier
33%
thermostat
33%
vinaigrette
33%
avais
0%
bois
0%
brins
0%
cassez
0%
Comment
0%
Déposez
0%
d'un
0%
ensemble
0%
éventail
0%
feu
0%
fromage
0%
gros
0%
Mais
0%
minet
0%
oeuf
0%
oublier
0%
paille
0%
Pelez
0%
poignée
0%
pommes
0%
près
0%
qu'est
0%
tarte
0%
Tatin !
0%
Tressez
0%
zut
0%
Aucun quiz correspondant
Distribution des résultats
% des personnes avec chaque résultat
Percentile par nombre de réponses
Votre historique - résultats
Vous n’avez pas pris ce quiz